| 000 | 00745nam a2200241Ia 4500 | ||
|---|---|---|---|
| 003 | OSt | ||
| 005 | 20251224112535.0 | ||
| 008 | 220923b |||||||| |||| 00| 0 eng d | ||
| 020 | _a1850434131 | ||
| 037 | _cGeneral Book | ||
| 040 |
_aRTL _cRTL _beng |
||
| 041 |
_2eng _aeng |
||
| 084 |
_aY:3(S:7), P5 _qRTL |
||
| 100 |
_aDoy Gen _9146975 |
||
| 245 | 0 |
_aPicturing the self: changing views of the subject in visual culture _b |
|
| 260 |
_aLondon _bI B Tauris _c2005 |
||
| 300 |
_axi; 257 p. _bIncludes bibliographical references and index. |
||
| 500 | _aBibliography: P 247-52 | ||
| 650 |
_aSociology _9283128 |
||
| 650 |
_a Personality _9859278 |
||
| 942 |
_hY:3(S:7), P5 _cGB _2CC _n0 |
||
| 999 |
_c569243 _d569243 |
||